[Event "TUR-ch U15"]
[Site "Belek Antalya"]
[Date "2024.01.25"]
[Round "7"]
[White "Karabulut, Etka"]
[Black "Sakmak, Kutay"]
[Result "0-1"]
[WhiteElo "1692"]
[BlackElo "1971"]
[PlyCount "90"]
[EventDate "2024.01.21"]
[EventType "swiss"]
[EventRounds "9"]
[EventCountry "TUR"]
[SourceTitle "EXT 2025"]
[Source "ChessBase"]
[SourceDate "2024.10.14"]
[SourceVersion "1"]
[SourceVersionDate "2024.10.14"]
[SourceQuality "1"]

1. e4 e5 2. Nf3 Nc6 3. Bb5 a6 4. Ba4 Nf6 5. 0-0 Be7 6. Re1 b5 7. Bb3 0-0 8. a4 d5 9. exd5 Na5 10. Nxe5 Nxb3 11. Nc6 Bg4 12. cxb3 Bxd1 13. Nxd8 Bxb3 14. Rxe7 Raxd8 15. Re3 bxa4 16. Nc3 Nxd5 17. Nxd5 Rxd5 18. h3 c5 19. d3 f6 20. Rg3 Rfd8 21. Bh6 g5 22. Re1 Kf7 23. h4 Rxd3 24. Rxd3 Rxd3 25. hxg5 c4 26. gxf6 c3 27. bxc3 a3 28. Bc1 a2 29. Bb2 Rd2 30. Ba1 a5 31. c4 Bxc4 32. Rc1 Bb3 33. Bc3 Rd5 34. Bb2 Rd2 35. Bc3 Re2 36. Bxa5 Rb2 37. Rc7+ Kg6 38. Rg7+ Kh6 39. Bc3 a1Q+ 40. Kh2 Qc1 41. Rg3 Rxf2 42. Bd4 Re2 43. Rxb3 Qf4+ 44. Rg3 Qxd4 45. f7 Rf2 0-1

[Event "Mersin op-A 7th"]
[Site "Mersin"]
[Date "2023.11.15"]
[Round "5"]
[White "Sakmak, Kutay"]
[Black "Dogan, Nazmi Can"]
[Result "1/2-1/2"]
[WhiteElo "2017"]
[BlackElo "2277"]
[PlyCount "69"]
[EventDate "2023.11.12"]
[EventType "swiss"]
[EventRounds "9"]
[EventCountry "TUR"]
[SourceTitle "CBM 217 Extra"]
[Source "ChessBase"]
[SourceDate "2024.01.31"]
[SourceVersion "1"]
[SourceVersionDate "2024.01.31"]
[SourceQuality "1"]

1. e4 c5 2. Nf3 e6 3. d4 cxd4 4. Nxd4 a6 5. Nc3 b5 6. Bd3 Bb7 7. 0-0 Nc6 8. Be3 Nf6 9. Re1 Ne5 10. Bf4 Nxd3 11. Qxd3 Be7 12. e5 Nd5 13. Nxd5 Bxd5 14. Nf5 Bf8 15. Rad1 Bc4 16. Nd6+ Bxd6 17. Qxd6 Qe7 18. a3 Qxd6 19. Rxd6 Bd5 20. h4 Bc6 21. h5 Rg8 22. f3 Rc8 23. Kf2 Bb7 24. c3 Rc6 25. Red1 Rxd6 26. Rxd6 Bc6 27. Bg3 f6 28. h6 fxe5 29. hxg7 Rxg7 30. Bxe5 Rg5 31. Bf4 Rf5 32. Be3 h5 33. Rd4 a5 34. Rf4 Rxf4 35. Bxf4 1/2-1/2